| 000 | 00593nam a2200205Ia 4500 | ||
|---|---|---|---|
| 008 | 140321s9999 xx 000 0 und d | ||
| 020 | _a9780672331121 | ||
| 050 |
_aTK 5105.8885.A26 _b.W3517 2011 |
||
| 100 | _aWalther, Stephen | ||
| 245 |
_aASP.NET 4 unleased / _cStephen Walther, Kevin Hoffman and Nate Dudek. |
||
| 260 |
_aIndiana : _bSAMS, _cc2011. |
||
| 300 |
_a1887 p. : _bill. ; _c23 cm. |
||
| 500 | _aIncludes index. | ||
| 521 | _aIT | ||
| 650 | _aActive server pages. | ||
| 650 | _aWeb site development. | ||
| 650 |
_aWeb sites _xDesign. |
||
| 942 |
_kFOR _cBK |
||
| 999 |
_c48674 _d48674 |
||